000 00550nam a2200193Ia 4500
005 20260120124623.0
008 008 260114s9999 xx 000 0 eng d
020 _a9780762312849
037 _aEBOOK
040 _aCRL
_beng
_cCRL
041 _aeng
_2eng
084 _qCRL
245 0 _aAdvances in Hospitality and Leisure
260 _bEmerald Publishing
_c2006
700 _aJoseph S. Chen
_9908478
856 _uhttps://www.emerald.com/insight/publication/doi/10.1016/S1745-3542(2006)2
942 _cEBOOK
999 _c1500371
_d1500371